[Event "84th ESP-ch 2019"]
[Site "Marbella"]
[Date "2019.11.22"]
[Round "7.33"]
[White "Silva Lucena, Cristian"]
[Black "Lopez Guerrero, Jose Miguel"]
[Result "1/2-1/2"]
[WhiteElo "2244"]
[BlackElo "2085"]
[Annotator "ChessBase"]
[PlyCount "176"]
[EventDate "2019.11.16"]
[EventType "swiss"]
[EventCountry "ESP"]
[SourceTitle "playchess.com"]
[Source "ChessBase"]
[SourceQuality "1"]
[TimeControl "5400+30"]

1. e4 {[%emt 0:01:50]} e5 {[%emt 0:00:00]} 2. Nf3 {[%emt 0:02:56]} Nc6 {[%emt 0:00:00]} 3. Nc3 {[%emt 0:00:18]} Nf6 {[%emt 0:01:07]} 4. g3 {[%emt 0:00:15]} d5 {[%emt 0:00:34]} 5. exd5 {[%emt 0:00:04]} Nxd5 {[%emt 0:00:20]} 6. Bg2 {[%emt 0:00:03]} Nxc3 {[%emt 0:00:08]} 7. bxc3 {[%emt 0:00:07]} Be7 {[%emt 0:01:42]} 8. d3 {[%emt 0:00:41]} O-O {[%emt 0:04:13]} 9. O-O {[%emt 0:00:11]} Bg4 {[%emt 0:03:14]} 10. h3 {[%emt 0:00:51]} Bh5 {[%emt 0:00:56]} 11. Rb1 {[%emt 0:00:47]} Rb8 {[%emt 0:00:11]} 12. Qe1 {[%emt 0:01:01]} Bd6 {[%emt 0:01:16]} 13. g4 {[%emt 0:04:32]} Bg6 {[%emt 0:00:06]} 14. Ng5 {[%emt 0:00:08]} h5 {[%emt 0:00:47]} 15. Qe2 {[%emt 0:02:34]} hxg4 {[%emt 0:00:14]} 16. Qxg4 {[%emt 0:00:13]} Qc8 {[%emt 0:04:50]} 17. Be3 {[%emt 0:03:11]} Qxg4 {[%emt 0:05:44]} 18. hxg4 {[%emt 0:00:10]} Nd8 {[%emt 0:00:26]} 19. c4 {[%emt 0:00:56]} Be7 {[%emt 0:03:42]} 20. Rb5 {[%emt 0:02:12]} f6 {[%emt 0:04:26]} 21. Bd5+ {[%emt 0:10:33]} Kh8 {[%emt 0:00:13]} 22. Kg2 {[%emt 0:05:54]} fxg5 {[%emt 0:04:59]} 23. Rh1+ {[%emt 0:01:46]} Bh7 {[%emt 0:00:14]} 24. Be4 {[%emt 0:00:05]} g6 {[%emt 0:00:48]} 25. Bxg6 {[%emt 0:00:11]} Rf7 {[%emt 0:00:19]} 26. Rxe5 {[%emt 0:00:03]} Nc6 {[%emt 0:01:23]} 27. Bxf7 {[%emt 0:01:51]} Nxe5 {[%emt 0:01:31]} 28. Bd4 {[%emt 0:00:46]} Bf6 {[%emt 0:00:10]} 29. Bxe5 {[%emt 0:00:34]} Bxe5 {[%emt 0:00:08]} 30. Bg6 {[%emt 0:00:05]} Kg7 {[%emt 0:00:05]} 31. Bxh7 {[%emt 0:00:13]} Rh8 {[%emt 0:00:06]} 32. Be4 {[%emt 0:00:24]} Rxh1 {[%emt 0:00:15]} 33. Kxh1 {[%emt 0:00:01]} b6 {[%emt 0:00:24]} 34. Kg2 {[%emt 0:00:02]} Kf6 {[%emt 0:00:04]} 35. Kf3 {[%emt 0:00:21]} Bd4 {[%emt 0:00:11]} 36. Ke2 {[%emt 0:00:28]} Ke5 {[%emt 0:00:22]} 37. f3 {[%emt 0:00:04]} Bc3 {[%emt 0:00:32]} 38. Ke3 {[%emt 0:00:11]} c5 {[%emt 0:00:21]} 39. Bc6 {[%emt 0:01:15]} Ba5 {[%emt 0:05:03]} 40. Be4 {[%emt 0:00:12]} Bc3 {[%emt 0:00:09]} 41. f4+ {[%emt 0:00:04]} gxf4+ {[%emt 0:00:04]} 42. Kf3 {[%emt 0:00:06]} Bd2 {[%emt 0:00:28]} 43. g5 {[%emt 0:00:16]} Ke6 {[%emt 0:01:46]} 44. Kg4 {[%emt 0:00:57]} Kf7 {[%emt 0:04:17]} 45. Kf5 {[%emt 0:00:39]} Kg7 {[%emt 0:00:07]} 46. Bf3 {[%emt 0:00:50]} Kf7 {[%emt 0:01:07]} 47. a4 {[%emt 0:00:48]} Bc1 {[%emt 0:05:06]} 48. Bh5+ {[%emt 0:02:21]} Kg7 {[%emt 0:00:09]} 49. c3 {[%emt 0:00:53]} Bb2 {[%emt 0:00:45]} 50. Kxf4 {[%emt 0:00:07]} Bxc3 {[%emt 0:00:06]} 51. Kf5 {[%emt 0:00:16]} Bd2 {[%emt 0:02:10]} 52. g6 {[%emt 0:00:06]} Bc3 {[%emt 0:00:29]} 53. Bf3 {[%emt 0:00:03]} Bd4 {[%emt 0:00:43]} 54. Be4 {[%emt 0:00:07]} Bc3 {[%emt 0:00:12]} 55. Ke6 {[%emt 0:00:06]} Bd4 {[%emt 0:00:13]} 56. Kd7 {[%emt 0:00:12]} Kf6 {[%emt 0:00:12]} 57. Kc7 {[%emt 0:00:18]} Ke7 {[%emt 0:00:14]} 58. Bd5 {[%emt 0:01:15]} Bc3 {[%emt 0:01:25]} 59. Kc6 {[%emt 0:01:23]} Bd4 {[%emt 0:00:11]} 60. Bf3 {[%emt 0:00:26]} Bc3 {[%emt 0:00:21]} 61. Bg2 {[%emt 0:00:46]} Bd4 {[%emt 0:00:38]} 62. Bd5 {[%emt 0:00:02]} Bc3 {[%emt 0:00:12]} 63. a5 {[%emt 0:00:25]} Kf6 {[%emt 0:04:04]} 64. a6 {[%emt 0:01:15]} Ke7 {[%emt 0:00:06]} 65. Bf3 {[%emt 0:01:34]} Bd4 {[%emt 0:00:13]} 66. Kb7 {[%emt 0:00:36]} Kd8 {[%emt 0:00:16]} 67. Bd5 {[%emt 0:00:29]} Bg7 {[%emt 0:00:16]} 68. Kc6 {[%emt 0:00:10]} Ke7 {[%emt 0:00:07]} 69. Bf7 {[%emt 0:00:06]} Bd4 {[%emt 0:00:09]} 70. Kd5 {[%emt 0:00:13]} Bg7 {[%emt 0:00:05]} 71. Ke4 {[%emt 0:00:06]} Kd6 {[%emt 0:00:35]} 72. Kf5 {[%emt 0:00:07]} Ke7 {[%emt 0:00:23]} 73. Bd5 {[%emt 0:00:07]} Kd6 {[%emt 0:00:11]} 74. Bb7 {[%emt 0:00:15]} Ke7 {[%emt 0:00:07]} 75. Ke4 {[%emt 0:00:01]} Kd6 {[%emt 0:00:12]} 76. Bc8 {[%emt 0:00:05]} Bd4 {[%emt 0:00:31]} 77. Bg4 {[%emt 0:00:07]} Bg7 {[%emt 0:00:16]} 78. Bd1 {[%emt 0:00:10]} Bd4 {[%emt 0:00:22]} 79. Ba4 {[%emt 0:00:04]} Bg7 {[%emt 0:00:11]} 80. Kf5 {[%emt 0:00:08]} Ke7 {[%emt 0:00:14]} 81. Bb5 {[%emt 0:00:09]} Kd6 {[%emt 0:00:07]} 82. Ke4 {[%emt 0:00:10]} Bd4 {[%emt 0:00:10]} 83. Kf5 {[%emt 0:00:25]} Bg7 {[%emt 0:00:06]} 84. Ba4 {[%emt 0:00:06]} Ke7 {[%emt 0:00:12]} 85. Kf4 {[%emt 0:00:07]} Kd6 {[%emt 0:00:52]} 86. Ke4 {[%emt 0:00:02]} Bd4 {[%emt 0:00:06]} 87. Bb5 {[%emt 0:00:04]} Bg7 {[%emt 0:00:19]} 88. Ba4 {[%emt 0:00:06]} Bd4 {[%emt 0:00:08]} 1/2-1/2

[Event "84th ESP-ch 2019"]
[Site "Marbella"]
[Date "2019.11.22"]
[Round "7.34"]
[White "Garcia De Blas, Esteban"]
[Black "Rodriguez Lopez, Rafael"]
[Result "0-1"]
[WhiteElo "2031"]
[BlackElo "2228"]
[Annotator "ChessBase"]
[PlyCount "84"]
[EventDate "2019.11.16"]
[EventType "swiss"]
[EventCountry "ESP"]
[SourceTitle "playchess.com"]
[Source "ChessBase"]
[SourceQuality "1"]
[TimeControl "5400+30"]

1. d4 {[%emt 0:00:00]} Nf6 {[%emt 0:00:00]} 2. c4 {[%emt 0:00:00]} e6 {[%emt 0:00:00]} 3. Nf3 {[%emt 0:00:00]} d5 {[%emt 0:00:53]} 4. Nc3 {[%emt 0:00:00]} Bb4 {[%emt 0:00:26]} 5. cxd5 {[%emt 0:00:16]} exd5 {[%emt 0:00:08]} 6. a3 {[%emt 0:08:36]} Bxc3+ {[%emt 0:00:54]} 7. bxc3 {[%emt 0:00:37]} O-O {[%emt 0:00:44]} 8. e3 {[%emt 0:05:11]} c5 {[%emt 0:00:39]} 9. Bd3 {[%emt 0:03:01]} c4 {[%emt 0:01:05]} 10. Bc2 {[%emt 0:03:19]} Bg4 {[%emt 0:00:11]} 11. h3 {[%emt 0:01:29]} Bh5 {[%emt 0:00:06]} 12. Bf5 {[%emt 0:07:09]} Nc6 {[%emt 0:01:45]} 13. O-O {[%emt 0:09:25]} Ne4 {[%emt 0:02:19]} 14. g4 {[%emt 0:08:51]} Bg6 {[%emt 0:01:32]} 15. Bxe4 {[%emt 0:07:40]} Bxe4 {[%emt 0:03:14]} 16. Ne1 {[%emt 0:00:54]} Qh4 {[%emt 0:01:53]} 17. Kh2 {[%emt 0:03:06]} f5 {[%emt 0:01:57]} 18. Ng2 {[%emt 0:02:47]} Qh6 {[%emt 0:02:49]} 19. f3 {[%emt 0:01:35]} fxg4 {[%emt 0:00:59]} 20. fxg4 {[%emt 0:02:28]} Qd6+ {[%emt 0:00:14]} 21. Nf4 {[%emt 0:02:01]} g5 {[%emt 0:00:13]} 22. Qe1 {[%emt 0:01:53]} gxf4 {[%emt 0:00:16]} 23. exf4 {[%emt 0:00:05]} Rae8 {[%emt 0:00:26]} 24. Qg3 {[%emt 0:01:09]} Na5 {[%emt 0:00:45]} 25. f5 {[%emt 0:01:04]} Qxg3+ {[%emt 0:00:10]} 26. Kxg3 {[%emt 0:00:01]} Nb3 {[%emt 0:00:14]} 27. Bh6 {[%emt 0:02:02]} Nxa1 {[%emt 0:02:41]} 28. Bxf8 {[%emt 0:00:06]} Kxf8 {[%emt 0:00:08]} 29. Rxa1 {[%emt 0:00:06]} Bc2 {[%emt 0:00:56]} 30. Kf3 {[%emt 0:01:55]} Kf7 {[%emt 0:00:19]} 31. Ra2 {[%emt 0:00:49]} Bd1+ {[%emt 0:00:30]} 32. Kf4 {[%emt 0:02:13]} Re4+ {[%emt 0:00:12]} 33. Kg5 {[%emt 0:00:50]} Re3 {[%emt 0:00:10]} 34. Rd2 {[%emt 0:00:42]} Rd3 {[%emt 0:00:18]} 35. Rb2 {[%emt 0:00:30]} b6 {[%emt 0:00:56]} 36. Rb1 {[%emt 0:01:20]} Bf3 {[%emt 0:01:26]} 37. Rc1 {[%emt 0:01:24]} Be4 {[%emt 0:00:07]} 38. h4 {[%emt 0:00:39]} Rg3 {[%emt 0:03:04]} 39. a4 {[%emt 0:00:26]} h5 {[%emt 0:01:09]} 40. Kxh5 {[%emt 0:00:31]} Bf3 {[%emt 0:00:08]} 41. Rf1 {[%emt 0:01:09]} Bxg4+ {[%emt 0:00:18]} 42. Kh6 {[%emt 0:00:07]} Kf6 {[%emt 0:01:05]} 0-1

[Event "84th ESP-ch 2019"]
[Site "Marbella"]
[Date "2019.11.22"]
[Round "7.35"]
[White "Martinez Piqueras, Carlos"]
[Black "Jimenez Fernandez, Rebeca"]
[Result "1-0"]
[WhiteElo "2206"]
[BlackElo "2043"]
[Annotator "ChessBase"]
[PlyCount "51"]
[EventDate "2019.11.16"]
[EventType "swiss"]
[EventCountry "ESP"]
[SourceTitle "playchess.com"]
[Source "ChessBase"]
[SourceQuality "1"]
[TimeControl "5400+30"]

1. e4 {[%emt 0:00:00]} c5 {[%emt 0:00:00]} 2. Nc3 {[%emt 0:00:12]} Nc6 {[%emt 0:00:00]} 3. Bb5 {[%emt 0:00:33]} g6 {[%emt 0:00:00]} 4. Bxc6 {[%emt 0:00:17]} bxc6 {[%emt 0:00:26]} 5. Nge2 {[%emt 0:01:00]} Bg7 {[%emt 0:00:09]} 6. d3 {[%emt 0:00:08]} d5 {[%emt 0:05:48]} 7. O-O {[%emt 0:02:12]} e6 {[%emt 0:02:55]} 8. Kh1 {[%emt 0:10:45]} Ne7 {[%emt 0:01:19]} 9. Na4 {[%emt 0:15:40]} Qa5 {[%emt 0:02:54]} 10. c4 {[%emt 0:01:20]} O-O {[%emt 0:15:07]} 11. Qc2 {[%emt 0:04:09]} dxc4 {[%emt 0:17:28]} 12. dxc4 {[%emt 0:01:40]} Bd4 {[%emt 0:00:39]} 13. Bd2 {[%emt 0:22:54]} Qc7 {[%emt 0:00:46]} 14. Rad1 {[%emt 0:00:58]} e5 {[%emt 0:01:51]} 15. Bh6 {[%emt 0:03:28]} Re8 {[%emt 0:12:50]} 16. f4 {[%emt 0:07:47]} f5 {[%emt 0:11:19]} 17. Nxd4 {[%emt 0:06:11]} cxd4 {[%emt 0:00:33]} 18. fxe5 {[%emt 0:01:21]} Qxe5 {[%emt 0:00:22]} 19. Rde1 {[%emt 0:01:28]} Qa5 {[%emt 0:03:00]} 20. e5 {[%emt 0:04:21]} c5 {[%emt 0:00:46]} 21. e6 {[%emt 0:01:32]} Bb7 {[%emt 0:00:29]} 22. Re5 {[%emt 0:01:02]} Rac8 {[%emt 0:04:48]} 23. b3 {[%emt 0:03:54]} Be4 {[%emt 0:02:42]} 24. Qf2 {[%emt 0:01:17]} Rc6 {[%emt 0:01:59]} 25. Rxe4 {[%emt 0:00:17]} Nc8 {[%emt 0:02:59]} 26. Qf3 {[%emt 0:02:07]} 1-0

[Event "84th ESP-ch 2019"]
[Site "Marbella"]
[Date "2019.11.22"]
[Round "7.36"]
[White "Gutierrez Curras, Daniel"]
[Black "Rodriguez Redondo, Adhara"]
[Result "0-1"]
[WhiteElo "2025"]
[BlackElo "2199"]
[Annotator "NA"]
[PlyCount "112"]
[EventDate "2019.11.16"]
[EventType "swiss"]
[EventCountry "ESP"]
[SourceTitle "playchess.com"]
[Source "ChessBase"]
[SourceQuality "1"]
[TimeControl "5400+30"]

1. e4 {[%emt 0:00:00]} e5 {[%emt 0:00:00]} 2. Nf3 {[%emt 0:00:54]} Nc6 {[%emt 0:00:00]} 3. Bb5 {[%emt 0:00:50]} a6 {[%emt 0:00:08]} 4. Ba4 {[%emt 0:00:47]} Nf6 {[%emt 0:00:29]} 5. Bxc6 {[%emt 0:02:22]} dxc6 {[%emt 0:00:50]} 6. d3 {[%emt 0:00:54]} Bd6 {[%emt 0:03:33]} 7. Qe2 {[%emt 0:02:05]} Qe7 {[%emt 0:03:50]} 8. Nbd2 {[%emt 0:05:12]} O-O {[%emt 0:09:13]} 9. h3 {[%emt 0:03:05]} c5 {[%emt 0:05:37]} 10. Nf1 {[%emt 0:02:51]} b5 {[%emt 0:02:42]} 11. Ng3 {[%emt 0:02:12]} Ne8 {[%emt 0:05:03]} 12. O-O {[%emt 0:04:21]} f6 {[%emt 0:02:09]} 13. a4 {[%emt 0:00:47]} c6 {[%emt 0:04:16]} 14. Bd2 {[%emt 0:09:33]} Be6 {[%emt 0:02:36]} 15. axb5 {[%emt 0:06:03]} cxb5 {[%emt 0:00:08]} 16. Nf5 {[%emt 0:01:35]} Qd7 {[%emt 0:02:28]} 17. Ne3 {[%emt 0:01:11]} Qc6 {[%emt 0:03:59]} 18. c4 {[%emt 0:00:47]} b4 {[%emt 0:02:46]} 19. Nd5 {[%emt 0:03:20]} a5 {[%emt 0:02:25]} 20. Nh4 {[%emt 0:01:45]} Nc7 {[%emt 0:07:39]} 21. g4 {[%emt 0:01:56]} Bd7 {[%emt 0:06:24]} 22. Qf3 {[%emt 0:06:01]} Nxd5 {[%emt 0:03:00]} 23. exd5 {[%emt 0:00:16]} Qc7 {[%emt 0:02:20]} 24. Qe4 {[%emt 0:03:40]} a4 {[%emt 0:02:07]} 25. Kh1 {[%emt 0:01:25]} a3 {[%emt 0:03:41]} 26. b3 {[%emt 0:00:07]} f5 {[%emt 0:03:41]} 27. gxf5 {[%emt 0:00:37]} Be7 {[%emt 0:02:31]} 28. f4 {[%emt 0:02:20]} Bxh4 {[%emt 0:04:42]} 29. fxe5 {[%emt 0:00:12]} Bg3 {[%emt 0:01:12]} 30. e6 {[%emt 0:04:40]} Bc8 {[%emt 0:02:08]} 31. Bf4 {[%emt 0:01:10]} Bxf4 {[%emt 0:00:09]} 32. Rxf4 {[%emt 0:00:19]} Qe7 {[%emt 0:03:57]} 33. Qe5 {[%emt 0:06:44]} Bb7 {[%emt 0:02:56]} 34. Kh2 {[%emt 0:02:03]} Qf6 {[%emt 0:01:30]} 35. Qxf6 {[%emt 0:00:31]} Rxf6 {[%emt 0:00:09]} 36. Kg3 {[%emt 0:02:52]} Kf8 {[%emt 0:01:31]} 37. Kf3 {[%emt 0:01:11]} Ke7 {[%emt 0:01:45]} 38. Ke4 {[%emt 0:00:08]} Kd6 {[%emt 0:01:43]} 39. d4 Rc8 {[%emt 0:01:08]} 40. Rg4 {[%emt 0:03:31]} g6 {[%emt 0:00:28]} 41. fxg6 {[%emt 0:00:57]} Rxe6+ {[%emt 0:00:24]} 42. Kd3 {[%emt 0:00:17]} Rxg6 {[%emt 0:00:20]} 43. Rxg6+ {[%emt 0:00:35]} hxg6 {[%emt 0:00:01]} 44. Rg1 {[%emt 0:01:02]} Rg8 {[%emt 0:01:04]} 45. h4 {[%emt 0:00:13]} a2 {[%emt 0:01:52]} 46. dxc5+ {[%emt 0:00:48]} Kxc5 {[%emt 0:00:02]} 47. Ke4 {[%emt 0:01:00]} Rh8 {[%emt 0:00:36]} 48. Ke5 {[%emt 0:01:31]} Rxh4 {[%emt 0:00:32]} 49. Kf6 {[%emt 0:00:27]} Rh3 {[%emt 0:00:14]} 50. Ra1 {[%emt 0:00:18]} Rh2 {[%emt 0:01:26]} 51. Ke7 {[%emt 0:00:25]} g5 {[%emt 0:00:46]} 52. Kd8 {[%emt 0:01:38]} g4 {[%emt 0:01:01]} 53. Kc7 {[%emt 0:00:19]} Bxd5 {[%emt 0:00:23]} 54. cxd5 {[%emt 0:00:29]} Kxd5 {[%emt 0:00:01]} 55. Kb6 {[%emt 0:00:11]} Kd4 {[%emt 0:00:24]} 56. Kb5 {[%emt 0:00:28]} Kc3 {[%emt 0:00:14]} 0-1

[Event "84th ESP-ch 2019"]
[Site "Marbella"]
[Date "2019.11.22"]
[Round "7.37"]
[White "Mohamed Garcia, Ismael"]
[Black "Garcia Vicente, Nieves"]
[Result "0-1"]
[WhiteElo "1825"]
[BlackElo "2175"]
[Annotator "ChessBase"]
[PlyCount "162"]
[EventDate "2019.11.16"]
[EventType "swiss"]
[EventCountry "ESP"]
[SourceTitle "playchess.com"]
[Source "ChessBase"]
[SourceQuality "1"]
[TimeControl "5400+30"]

1. d4 {[%emt 0:00:00]} Nf6 {[%emt 0:00:12]} 2. Bf4 {[%emt 0:00:00]} d5 {[%emt 0:00:16]} 3. e3 {[%emt 0:00:00]} c5 {[%emt 0:01:02]} 4. c3 {[%emt 0:00:37]} Nc6 {[%emt 0:00:35]} 5. Nf3 {[%emt 0:00:12]} Bg4 {[%emt 0:01:14]} 6. Nbd2 {[%emt 0:07:52]} e6 {[%emt 0:02:18]} 7. h3 {[%emt 0:00:21]} Bh5 {[%emt 0:01:29]} 8. Qb3 {[%emt 0:05:43]} Qb6 {[%emt 0:02:59]} 9. Qxb6 {[%emt 0:00:08]} axb6 {[%emt 0:00:08]} 10. Bb5 {[%emt 0:01:47]} Nd7 {[%emt 0:04:50]} 11. Ne5 {[%emt 0:02:20]} Ndxe5 {[%emt 0:07:32]} 12. Bxe5 {[%emt 0:00:26]} O-O-O {[%emt 0:00:38]} 13. Bh2 {[%emt 0:02:40]} Bd6 {[%emt 0:01:21]} 14. Bxc6 {[%emt 0:01:36]} bxc6 {[%emt 0:01:37]} 15. Bxd6 {[%emt 0:00:10]} Rxd6 {[%emt 0:00:02]} 16. dxc5 {[%emt 0:01:09]} bxc5 17. Nb3 c4 {[%emt 0:00:28]} 18. Nc5 {[%emt 0:00:53]} e5 {[%emt 0:06:38]} 19. O-O {[%emt 0:16:50]} Be2 {[%emt 0:00:54]} 20. Rfe1 {[%emt 0:00:19]} Bd3 {[%emt 0:00:06]} 21. Red1 {[%emt 0:00:49]} Bf5 {[%emt 0:08:39]} 22. Rd2 Rhd8 {[%emt 0:00:57]} 23. Rad1 {[%emt 0:15:15]} Kc7 24. b4 {[%emt 0:06:19]} Bc8 {[%emt 0:06:38]} 25. a4 {[%emt 0:01:16]} Kb6 {[%emt 0:00:32]} 26. a5+ {[%emt 0:04:08]} Kb5 {[%emt 0:01:26]} 27. a6 {[%emt 0:00:12]} Bxa6 {[%emt 0:07:23]} 28. Nxa6 {[%emt 0:01:32]} Kxa6 {[%emt 0:00:19]} 29. Ra1+ {[%emt 0:00:18]} Kb6 {[%emt 0:01:39]} 30. Rda2 {[%emt 0:00:22]} R6d7 {[%emt 0:02:20]} 31. f4 {[%emt 0:14:15]} f6 {[%emt 0:04:14]} 32. Kf2 {[%emt 0:02:31]} Rb7 {[%emt 0:02:12]} 33. Ra6+ {[%emt 0:02:05]} Kc7 {[%emt 0:00:10]} 34. Rd1 {[%emt 0:00:39]} Rd7 {[%emt 0:03:38]} 35. g4 {[%emt 0:00:20]} Rb6 {[%emt 0:03:24]} 36. Ra7+ {[%emt 0:00:55]} Kd6 {[%emt 0:00:56]} 37. Rda1 {[%emt 0:03:29]} Rbb7 {[%emt 0:02:50]} 38. Ra8 {[%emt 0:00:52]} Kc7 {[%emt 0:03:23]} 39. Rh8 {[%emt 0:01:37]} h6 {[%emt 0:00:53]} 40. Re8 {[%emt 0:00:20]} exf4 {[%emt 0:05:14]} 41. exf4 {[%emt 0:00:02]} d4 {[%emt 0:00:19]} 42. Re4 {[%emt 0:01:14]} Kb6 {[%emt 0:01:45]} 43. cxd4 {[%emt 0:02:07]} Kb5 {[%emt 0:00:42]} 44. Ke3 {[%emt 0:01:02]} Kxb4 {[%emt 0:02:11]} 45. Kd2 {[%emt 0:00:28]} Rb5 {[%emt 0:02:40]} 46. Rb1+ {[%emt 0:00:22]} Ka5 {[%emt 0:01:38]} 47. Ra1+ {[%emt 0:00:47]} Kb6 {[%emt 0:00:24]} 48. Kc3 {[%emt 0:00:40]} Rb3+ {[%emt 0:02:38]} 49. Kxc4 {[%emt 0:00:03]} Rxh3 {[%emt 0:00:16]} 50. Rb1+ {[%emt 0:00:19]} Kc7 {[%emt 0:00:23]} 51. Rg1 {[%emt 0:02:07]} Rh2 {[%emt 0:03:47]} 52. Re3 {[%emt 0:01:50]} Rf2 {[%emt 0:00:44]} 53. f5 {[%emt 0:00:12]} Rf4 {[%emt 0:00:18]} 54. Rd3 {[%emt 0:00:27]} Rd5 {[%emt 0:01:46]} 55. Rg2 {[%emt 0:00:48]} Re4 {[%emt 0:01:06]} 56. Kc3 {[%emt 0:01:29]} Ra5 {[%emt 0:00:58]} 57. Kb4 {[%emt 0:00:35]} Rd5 {[%emt 0:00:55]} 58. Kc4 {[%emt 0:00:10]} Kd6 {[%emt 0:00:41]} 59. Kc3 {[%emt 0:00:10]} Ra5 {[%emt 0:00:33]} 60. Kb4 {[%emt 0:02:19]} Ra7 {[%emt 0:00:30]} 61. Kc3 {[%emt 0:02:16]} Ra3+ {[%emt 0:01:12]} 62. Kc4 {[%emt 0:00:04]} Rxd3 {[%emt 0:00:12]} 63. Kxd3 {[%emt 0:00:06]} Kd5 {[%emt 0:00:07]} 64. Rg1 {[%emt 0:00:51]} Rxd4+ {[%emt 0:00:35]} 65. Ke3 {[%emt 0:00:01]} c5 {[%emt 0:00:41]} 66. Rg2 {[%emt 0:00:58]} c4 {[%emt 0:01:20]} 67. g5 {[%emt 0:00:58]} hxg5 {[%emt 0:00:22]} 68. Ra2 {[%emt 0:00:08]} Re4+ {[%emt 0:00:47]} 69. Kd2 {[%emt 0:00:41]} Rf4 {[%emt 0:00:53]} 70. Ra7 {[%emt 0:00:16]} Rxf5 {[%emt 0:00:19]} 71. Rd7+ {[%emt 0:00:11]} Ke5 {[%emt 0:00:41]} 72. Rxg7 {[%emt 0:00:05]} Rf3 {[%emt 0:00:26]} 73. Rc7 {[%emt 0:00:16]} Rf4 {[%emt 0:00:31]} 74. Ke3 {[%emt 0:00:12]} Kf5 {[%emt 0:00:11]} 75. Rc8 {[%emt 0:01:15]} Kg4 {[%emt 0:00:09]} 76. Rc7 {[%emt 0:00:15]} f5 {[%emt 0:00:14]} 77. Rc8 {[%emt 0:00:26]} Kg3 {[%emt 0:00:28]} 78. Ke2 {[%emt 0:00:36]} g4 {[%emt 0:00:33]} 79. Rc5 {[%emt 0:00:08]} Kg2 {[%emt 0:00:25]} 80. Ke3 {[%emt 0:00:33]} Re4+ {[%emt 0:00:14]} 81. Kd2 {[%emt 0:00:13]} f4 {[%emt 0:00:11]} 0-1

[Event "84th ESP-ch 2019"]
[Site "Marbella"]
[Date "2019.11.22"]
[Round "7.38"]
[White "Ramirez Diaz, Jose Ramon"]
[Black "Boutahar Belgasi, Tarik"]
[Result "1-0"]
[WhiteElo "2171"]
[BlackElo "2027"]
[Annotator "NA"]
[PlyCount "87"]
[EventDate "2019.11.16"]
[EventType "swiss"]
[EventCountry "ESP"]
[SourceTitle "playchess.com"]
[Source "ChessBase"]
[SourceQuality "1"]
[TimeControl "5400+30"]

1. e4 {[%emt 0:00:00]} c5 {[%emt 0:00:00]} 2. Nf3 {[%emt 0:00:12]} d6 {[%emt 0:00:00]} 3. d4 {[%emt 0:00:16]} cxd4 {[%emt 0:00:00]} 4. Nxd4 {[%emt 0:00:11]} Nf6 {[%emt 0:00:00]} 5. Nc3 {[%emt 0:00:10]} g6 {[%emt 0:00:00]} 6. Be3 {[%emt 0:00:15]} Bg7 {[%emt 0:00:00]} 7. f3 {[%emt 0:00:24]} Nc6 {[%emt 0:00:11]} 8. Qd2 {[%emt 0:00:25]} O-O {[%emt 0:00:07]} 9. g4 {[%emt 0:00:43]} Bd7 {[%emt 0:04:19]} 10. h4 {[%emt 0:05:49]} h5 {[%emt 0:00:20]} 11. gxh5 {[%emt 0:00:26]} Nxh5 {[%emt 0:00:12]} 12. O-O-O {[%emt 0:01:11]} Rc8 {[%emt 0:10:04]} 13. Rg1 {[%emt 0:02:52]} Ne5 {[%emt 0:06:42]} 14. Kb1 {[%emt 0:04:52]} Rxc3 {[%emt 0:18:51]} 15. bxc3 {[%emt 0:13:59]} Qa5 {[%emt 0:00:16]} 16. Nb3 {[%emt 0:05:06]} Qc7 {[%emt 0:08:22]} 17. Be2 {[%emt 0:01:27]} Rc8 {[%emt 0:00:08]} 18. Bd4 {[%emt 0:01:37]} Nc4 {[%emt 0:01:51]} 19. Bxc4 {[%emt 0:10:06]} Qxc4 {[%emt 0:00:03]} 20. Kb2 {[%emt 0:01:40]} a5 {[%emt 0:00:39]} 21. Bxg7 {[%emt 0:04:21]} Nxg7 {[%emt 0:00:11]} 22. Qd4 {[%emt 0:01:39]} Qc7 {[%emt 0:00:37]} 23. h5 {[%emt 0:16:47]} Nxh5 {[%emt 0:03:19]} 24. Rh1 {[%emt 0:00:34]} e5 {[%emt 0:07:23]} 25. Qe3 {[%emt 0:04:07]} Nf4 {[%emt 0:01:15]} 26. Rh2 {[%emt 0:03:10]} Be6 {[%emt 0:01:57]} 27. Rhd2 {[%emt 0:00:37]} a4 {[%emt 0:00:47]} 28. Nc1 {[%emt 0:01:12]} a3+ {[%emt 0:04:54]} 29. Kb1 {[%emt 0:00:19]} Qa5 {[%emt 0:17:33]} 30. Rxd6 {[%emt 0:03:22]} Rxc3 {[%emt 0:00:23]} 31. Qd2 {[%emt 0:03:10]} Qb5+ {[%emt 0:02:22]} 32. Nb3 {[%emt 0:00:08]} Rxf3 {[%emt 0:00:02]} 33. Rd8+ {[%emt 0:01:39]} Kg7 {[%emt 0:00:04]} 34. Qd6 {[%emt 0:04:51]} Ne2 {[%emt 0:03:17]} 35. Qf8+ {[%emt 0:01:02]} Kf6 {[%emt 0:00:01]} 36. Qh8+ {[%emt 0:00:17]} Kg5 {[%emt 0:00:02]} 37. Ka1 {[%emt 0:04:25]} Rh3 {[%emt 0:03:12]} 38. Qf8 {[%emt 0:01:10]} Bxb3 {[%emt 0:04:12]} 39. axb3 {[%emt 0:01:12]} Nd4 {[%emt 0:02:39]} 40. Rg1+ {[%emt 0:00:25]} Kf6 {[%emt 0:01:51]} 41. Rd6+ {[%emt 0:00:09]} Ne6 {[%emt 0:00:21]} 42. Qd8+ {[%emt 0:00:21]} Kg7 {[%emt 0:00:16]} 43. Rxe6 {[%emt 0:01:15]} fxe6 {[%emt 0:00:02]} 44. Qe7+ {[%emt 0:00:13]} 1-0

[Event "84th ESP-ch 2019"]
[Site "Marbella"]
[Date "2019.11.22"]
[Round "7.39"]
[White "Jaime Montalvan, Luis Felipe"]
[Black "Serrano Garcia, Luis"]
[Result "1-0"]
[WhiteElo "2167"]
[BlackElo "1866"]
[Annotator "ChessBase"]
[PlyCount "49"]
[EventDate "2019.11.16"]
[EventType "swiss"]
[EventCountry "ESP"]
[SourceTitle "playchess.com"]
[Source "ChessBase"]
[SourceQuality "1"]
[TimeControl "5400+30"]

1. Nf3 {[%emt 0:00:00]} Nf6 {[%emt 0:02:36]} 2. c4 {[%emt 0:00:08]} g6 {[%emt 0:00:11]} 3. b4 {[%emt 0:00:18]} Bg7 {[%emt 0:00:11]} 4. Bb2 {[%emt 0:00:01]} O-O {[%emt 0:00:21]} 5. d3 {[%emt 0:00:18]} d6 {[%emt 0:00:14]} 6. e3 {[%emt 0:00:26]} e5 {[%emt 0:02:01]} 7. Nbd2 {[%emt 0:01:08]} Re8 {[%emt 0:02:01]} 8. Qc2 {[%emt 0:02:18]} Nc6 {[%emt 0:01:50]} 9. a3 {[%emt 0:00:12]} a5 {[%emt 0:04:29]} 10. b5 {[%emt 0:01:00]} Ne7 {[%emt 0:00:31]} 11. a4 {[%emt 0:00:49]} h6 {[%emt 0:07:54]} 12. Be2 {[%emt 0:00:35]} Kh7 {[%emt 0:00:36]} 13. O-O {[%emt 0:02:33]} Nd7 {[%emt 0:08:16]} 14. Ne4 {[%emt 0:03:02]} Ng8 {[%emt 0:01:33]} 15. c5 {[%emt 0:10:53]} f5 {[%emt 0:05:40]} 16. c6 {[%emt 0:00:11]} bxc6 {[%emt 0:01:47]} 17. Qxc6 {[%emt 0:14:43]} fxe4 {[%emt 0:15:08]} 18. Qxa8 {[%emt 0:00:39]} exf3 {[%emt 0:00:06]} 19. Bxf3 {[%emt 0:00:34]} e4 {[%emt 0:02:26]} 20. Bxg7 {[%emt 0:00:08]} exf3 {[%emt 0:00:06]} 21. Bd4 {[%emt 0:13:38]} fxg2 {[%emt 0:00:34]} 22. Rfc1 {[%emt 0:00:05]} Ne5 {[%emt 0:11:46]} 23. Bxe5 {[%emt 0:04:59]} Rxe5 {[%emt 0:01:38]} 24. b6 {[%emt 0:01:09]} Qh4 {[%emt 0:15:24]} 25. Rxc7+ {[%emt 0:01:18]} 1-0